The Pleasures of philosophy: (Record no. 617435)

000 -LEADER
fixed length control field 00992nam a22002417a 4500
003 - CONTROL NUMBER IDENTIFIER
control field NUST
005 - DATE AND TIME OF LATEST TRANSACTION
control field 20260513143208.0
008 - FIXED-LENGTH DATA ELEMENTS--GENERAL INFORMATION
fixed length control field 220308b ||||| |||| 00| 0 eng d
020 ## - INTERNATIONAL STANDARD BOOK NUMBER
International Standard Book Number 0671581104(pbk)
022 ## - INTERNATIONAL STANDARD SERIAL NUMBER
Source 978-0671581107
082 ## - DEWEY DECIMAL CLASSIFICATION NUMBER
Classification number 100,DUR
100 ## - MAIN ENTRY--PERSONAL NAME
Personal name Durant, Will.
9 (RLIN) 90484
245 ## - TITLE STATEMENT
Title The Pleasures of philosophy:
Remainder of title An attempt at consistent philosophy of life /
Statement of responsibility, etc. Will Durant
260 ## - PUBLICATION, DISTRIBUTION, ETC.
Place of publication, distribution, etc. New York & Lahore
Name of publisher, distributor, etc. Simon and Schuster, Services book Club
Date of publication, distribution, etc. 1981 & 1995
300 ## - PHYSICAL DESCRIPTION
Extent 446 p;.
505 ## - FORMATTED CONTENTS NOTE
Formatted contents note Introduction (Page-1), Logic and Epistemology (Page-15), Metaphysics (Page-33), Problems of Morality (Page-73), Esthetics (Page-189), Philosophy of History (Page-205), Political Philosophy (Page-275), Religion: A Dialogue (Page-333), Envol (Page-397).
526 ## - STUDY PROGRAM INFORMATION NOTE
Program name 0
Interest level 0
Reading level 0
Title point value 128_000000000000000_DUR
563 ## - BINDING INFORMATION
Binding note H.B
650 ## - SUBJECT ADDED ENTRY--TOPICAL TERM
Topical term or geographic name entry element Mansions of Philosophy
9 (RLIN) 134436
650 ## - SUBJECT ADDED ENTRY--TOPICAL TERM
Topical term or geographic name entry element SCEE
9 (RLIN) 90486
650 ## - SUBJECT ADDED ENTRY--TOPICAL TERM
Topical term or geographic name entry element Philosophical Anthropology.
9 (RLIN) 90487
942 ## - ADDED ENTRY ELEMENTS (KOHA)
Source of classification or shelving scheme
Koha item type Book
Call number prefix 100,DUR
Holdings
Withdrawn status Lost status Source of classification or shelving scheme Damaged status Not for loan Permanent Location Current Location Shelving location Date acquired Total Checkouts Full call number Barcode Date last seen Price effective from Koha item type
          Military College of Signals (MCS) Military College of Signals (MCS) General Stacks 05/13/2026   100,DUR MCS39001 05/13/2026 05/13/2026 Book
© 2023 Central Library, National University of Sciences and Technology. All Rights Reserved.